| 000 | 00935cam a2200301 i 4500 | ||
|---|---|---|---|
| 001 | 200462223 | ||
| 003 | TR-AnTOB | ||
| 005 | 20240917101433.0 | ||
| 007 | ta | ||
| 008 | 880415s2024 tu a 000 0 tur d | ||
| 020 | _a9789757641841 | ||
| 040 |
_aDLC _beng _erda _cDLC _dBGZ _dTR-AnTOB |
||
| 041 | 0 | _atur | |
| 050 | 4 |
_aDR728 _b.G8547 2024 |
|
| 090 |
_aDR728 _b.G8547 2024 |
||
| 100 | 1 |
_aGülersoy, Çelik _d1930-2003 _eauthor _945826 |
|
| 245 | 1 | 0 |
_aLâle ve İstanbul / _cÇelik Gülersoy. |
| 250 | _a1. Baskı | ||
| 264 | 1 |
_aİstanbul : _bTürkiye Turing ve Otomobil Kurumu, _c2024. |
|
| 300 |
_a71 pages : _billustrations ; _c27 cm |
||
| 336 |
_atext _btxt _2rdacontent |
||
| 337 |
_aunmediated _bn _2rdamedia |
||
| 338 |
_avolume _bnc _2rdacarrier |
||
| 650 | 7 |
_aLaleler _zTürkiye _zİstanbul _2etuturkob _9129864 |
|
| 651 | 7 |
_aİstanbul (Türkiye) _xUygarlık _2etuturkob _975677 |
|
| 942 |
_2lcc _cBK |
||
| 999 |
_c200462223 _d80435 |
||